Представление документа в формате RUSMARC

ПолеНазваниеЗначение
  Тип записи a
  Библиографический уровень m
001 Контрольный номер RU/SLIB/B/208772537
005 Дата корректировки 20201206204308.5
010 Индекс ISBN __
d Цена 0-51
101 Язык документа __
a Язык текста rus
200 Заглавие и сведения об ответственности __
a Заглавие О Родине думаю
f Первые сведения об ответственности С. П. Щипачев
b Общее обозначение материала Текст
210 Выходные данные __
a Место издания М.
c Издательство Совет. Россия
d Дата издания 1974
215 Физическое описание __
a Объем 109 с.
606 Тематические рубрики __
a Основная рубрика Художественная литература
z Хронологическая подрубрика 1952-1964 гг.; 20 в.
y Географическая подрубрика Россия
606 Тематические рубрики __
a Основная рубрика Русская литература XX в. (произведения)
610 Ключевые слова __
a Ключевые слова писатели; поэты; поэмы; стихотворения; стихи; тема войны; тема героизма; тема любви; тема труда
686 Индексы других классификаций __
a Классификационный индекс 84(2Рос=Рус)6-4
700 Автор __
a Фамилия Щипачев
b Имя С. П.
4 Код отношения 070
801 Источник записи _0
a Страна RU
b Организация Муниципальное бюджетное учреждение культуры "Централизованная библиотечная система" г. Сургут (Центральная городская библиотека им. А. С. Пушкина)
g Правила каталогизации КиК/Лебедева
801 Источник записи _1
a Страна RU
b Организация Муниципальное бюджетное учреждение культуры "Централизованная библиотечная система" г. Сургут (Центральная городская библиотека им. А. С. Пушкина)
g Правила каталогизации КиК/Лебедева
852 Данные о местонахождении __
j Шифр хранения 84(2Рос=Рус)6-4
i Авторский знак Щ 84
p Инвентарный номер 27028(с); 27892(с); 9763(с4)
901 Тип документа __
t Тип документа m
990 Данные о заказе (DOS) __
j Количество экземпляров (DOS) 3
t N записи в КСУ для И/У (DOS) ретро